000 00579nam a2200205Ia 4500
005 20250923150019.0
008 008 250917s9999 xx 000 0 eng d
037 _aTextual
040 _aDSWL
_beng
_cDSWL
041 _aeng
_2eng
084 _aY150aWx4.9G, N99
_qDSWL
245 0 _aResisting the secred and the secular
_c Ed.by P. Jaffery
260 _aNew York
_b Routledge
_c1999
300 _axi,276 p.
365 _aINR
_b350.00
700 _a A. Basu
_9841292
925 _g350.00
942 _cTEXL
_hY150aWx4.9G, N99
999 _c1458494
_d1458494